000
00292nam a2200121Ia 4500
008
220204s9999 xx 000 0 und d
082
_a
769
_b
WEN
100
_a
Mary Ann
245
0
_a
Collagraph print making
260
_a
New York
_b
Watson Guptill
_c
1975
650
_a
Collaggraph
942
_c
BK
999
_c
30393
_d
30393